One Direction inside jokes - Statistics

General Stats
  • This quiz has been taken 31 times
  • The average score is 14 of 16
Answer Stats
Hint Answer % Correct
LONDON'S.... QUITE... ............ big
100%
I like girls who eat ...... carrots
100%
vas ...... happening
100%
And ...... you stay exactly where you are because you are per-fect Liam
100%
..... but effective simple
100%
Just ..... out in ma box chilling
94%
Niall the bad boy? Give it a rest, Niall the ..... boy more like church
94%
What did you bring, Liam? No ..... hair
94%
a strange fear of ..... spoons
94%
cute as a ...... every single one of you! button
88%
And I'd marry you, ...... Harry
88%
"NO!", Jimmy ...... protested
82%
pranks, ..... , ***OHH*** laughs
76%
Chicken, wrapped in parma ham with a side of homemade..... mash
65%
Dinosaurs, ..... mate
65%
I can't walk like a ....... , man lady
29%
No matching quizzes found
Score Distribution
Percent of People with Each Score
Percentile by Number Answered
Your Score History
You have not taken this quiz